000
00328nam a2200109Ia 4500
008
151015s9999 xx 000 0 und d
050
_a
SD418.3.C354885 1995
250
_a
_Selecting Tree Species on the Basis of Community Needs
300
_a
Nairobi FAO 1995
650
_a
_Trees Species
700
_a
^d20110121 04:24:04^okilerai
999
_c
1101
_d
1101